Traumatología oral en odontopediatría / (Registro nro. 13048)
[ vista simple ]
| 000 -LIDER | |
|---|---|
| fixed length control field | 00789nam a22002417a 4500 |
| 003 - IDENTIFICACDOR DE NÚMERO DE CONTROL | |
| control field | DO-SdBNP |
| 005 - DATE AND TIME OF LATEST TRANSACTION | |
| control field | 20220523130131.0 |
| 008 - ELEMENTOS DE LONGITUD FIJA | |
| fixed length control field | 171123b 2012 sp a||| |||| 00| 0 spa d |
| 020 ## - ISBN | |
| International Standard Book Number | 9788415142225 |
| 040 ## - FUENTE DE CATALOGACIÓN | |
| Agencia que crea de manera original el registro | BPMSU |
| Idioma de catalogación | spa |
| Agencia que realiza la transcripción | BPMSU |
| 082 ## - NÚMERO DE CLASIFICACIÓN DECIMAL DE DEWEY | |
| Classification number | 617.643 |
| Item number | M539t 2012 |
| Edition number | 22 |
| 100 1# - ASIENTO PRINCIPAL -- NOMBRE PERSONAL | |
| Nombre personal | Mendoza Mendoza, A. |
| 245 1# - MENCIÓN DE TITULO | |
| Título | Traumatología oral en odontopediatría / |
| Mención de responsabilidad | A. Mendoza Mendoza, C. García Ballesta ; prólogo Marie Therese Flores Barrett |
| 260 ## - PUBLICACIÓN, DISTRIBUCIÓN, ETC. (PIE DE IMPRENTA) | |
| Lugar de publicación, distribución, etc | Barcelona : |
| Nombre del editor, distribuidor, etc. | Oceano / ergon, |
| Fecha de publicación, distribución, etc | 2012. |
| 300 ## - DESCRIPCIÓN FÍSICA | |
| Extensión | v. : |
| Otros detalles físicos | ils. |
| Dimensiones | 31 cm. |
| 650 #4 - ENCABEZAMIENTO DE MATERIA--TEMÁTICO | |
| Término temático o nombre geográfico como elemento de entrada | Odontología infantil. |
| 650 #4 - ENCABEZAMIENTO DE MATERIA--TEMÁTICO | |
| Término temático o nombre geográfico como elemento de entrada | Dientes |
| Subdivisión temática general | Heridas, lesiones, etc. |
| 650 #4 - ENCABEZAMIENTO DE MATERIA--TEMÁTICO | |
| Término temático o nombre geográfico como elemento de entrada | Traumatología. |
| 700 1# - ASIENTO SECUNDARIO -- NOMBRE PERSONAL | |
| Nombre personal | García Ballesta, C. |
| 700 1# - ASIENTO SECUNDARIO -- NOMBRE PERSONAL | |
| Nombre personal | Flores Barrett, Marie Therese |
| Mención de responsabilidad | prólogo |
| 710 2# - ASIENTO SECUNDARIO -- NOMBRE CORPORATIVO | |
| Nombre corporativo o de jurisdicción | OCEANO |
| Mención de responsabilidad | |
| 942 ## - ADDED ENTRY ELEMENTS (KOHA) | |
| Source of classification or shelving scheme | Dewey Decimal Classification |
| Koha item type | Libros |
| Withdrawn status | Lost status | Source of classification or shelving scheme | Damaged status | Not for loan | Collection code | Home library | Current library | Date acquired | Source of acquisition | Full call number | Barcode | Date last seen | Price effective from | Koha item type | Copy number |
|---|---|---|---|---|---|---|---|---|---|---|---|---|---|---|---|
| Dewey Decimal Classification | Colección General | Biblioteca Pública Metropolitana Salomé Ureña | Biblioteca Pública Metropolitana Salomé Ureña | 11/23/2017 | COMPRA | BPMSU CG 617.643 M539t 2012 | BPMSU17110376 | 11/23/2017 | 11/23/2017 | Libros | |||||
| Dewey Decimal Classification | Colección General | Biblioteca Pública Metropolitana Salomé Ureña | Biblioteca Pública Metropolitana Salomé Ureña | 11/23/2017 | COMPRA | BPMSU CG 617.643 M539t 2012 | BPMSU17110377 | 11/23/2017 | 11/23/2017 | Libros | e. 2 |